|
|
|
|
| LEADER |
00000cam a2200000 a 4500 |
| 001 |
vtls010461155 |
| 003 |
SK-MaSNL |
| 005 |
20260301033413.0 |
| 008 |
150827s2012 xo a f 100 0 eng |
| 015 |
|
|
|a SNBA2013
|
| 020 |
|
|
|a 9788080848996 (brož.)
|
| 035 |
|
|
|a 2D6ACA37-E8E3-4CDE-BDA0-DFF65ECF3209
|
| 035 |
|
|
|a urn:nbn:sk:snk-amjlss
|
| 035 |
|
|
|a urn:nbn:sk:snk-am001n60
|
| 040 |
|
|
|a SNK
|b slo
|c SNK
|e AACR2
|
| 041 |
0 |
|
|a eng
|b eng
|
| 044 |
|
|
|a xo
|c SK
|
| 072 |
|
7 |
|a 37
|x Výchova a vzdelávanie
|2 konspekt
|
| 072 |
|
7 |
|a 376
|x Výchova a vzdelávanie zvláštnych skupín osôb
|2 konspekt
|
| 080 |
|
|
|a 37.013.42
|2 2001
|
| 080 |
|
|
|a 376
|2 2001
|
| 080 |
|
|
|a (062.534)
|2 2001
|
| 111 |
2 |
|
|a Tradition and innovation in education of modern teachers' generation
|n (5. :
|d 2012 :
|c Levoca, Slovakia)
|9 332426
|
| 245 |
1 |
0 |
|a Tradition and innovation in special and social pedagogy
|c Beáta Akimjaková, Ivana Rochovská (eds.)
|
| 260 |
|
|
|a Ružomberok
|b Verbum
|c 2012
|
| 300 |
|
|
|a 122 s.
|b tab.
|c 21 cm
|
| 504 |
|
|
|a Bibliogr. Bibliogr. odkazy
|
| 546 |
|
|
|a Res. angl.
|
| 650 |
0 |
7 |
|a sociálna pedagogika
|2 SNKPH
|9 16623
|
| 650 |
0 |
7 |
|a špeciálna pedagogika
|2 SNKPH
|9 958
|
| 650 |
0 |
7 |
|a Social pedagogics
|2 SNKPHeng
|9 274708
|
| 650 |
0 |
7 |
|a Special education
|2 SNKPHeng
|9 266101
|
| 655 |
|
7 |
|a zborníky konferencií
|2 SNKPH
|9 70153
|
| 655 |
|
7 |
|a Proceedings of conferences
|2 SNKPHeng
|9 265791
|
| 700 |
1 |
|
|a Rochovská, Ivana,
|d 1983-
|4 com
|9 192705
|
| 700 |
1 |
|
|a Akimjaková, Beáta,
|d 1962-
|4 com
|9 206110
|
| 852 |
|
|
|a Štátna vedecká knižnica v Banskej Bystrici
|
| 919 |
|
|
|a 978-80-8084-899-6
|
| 958 |
|
|
|a NB
|
| 999 |
|
|
|c 580021
|d 581951
|
| 952 |
|
|
|a SNK
|b SNK
|y PREZ
|7 0
|p 17A1056876
|o snkSC 151950
|i snk2012/23513
|8 0
|0 0
|1 0
|4 0
|d 2012-11-16
|l 0
|r 2025-07-22 00:00:00
|w 2026-02-23
|
| 952 |
|
|
|a SNK
|b SNK
|y VYP
|7 0
|p 17A1056875
|o snkSC 151950 D1
|i snk2012/23514
|8 0
|0 0
|1 0
|4 0
|d 2012-11-16
|f 1
|l 0
|r 2026-02-23 14:47:35
|w 2026-02-23
|